000 00826na a2200253 4500
001 13616
003 MIRAKIL
005 20181213155244.0
008 160817b tu 000 0
035 _a13616
040 _aMilas
_btur
_cTR-AnCHP
082 _aATA 923.156
_bA72n 1952
090 _aATA 923.156 A72n 1952
100 _aAtatürk, Mustafa Kemal
_d1881-1838
245 _aNutuk
_b1920-1927
_cKemal Atatürk
260 _aİstanbul
_bTürk Devrim Tarihi Enstitüsü
_c1952
300 _a898 s.
_c20 sm.
505 _ac.2: 1920-1927 -- c.3 vesikalar
600 _aAtatürk, Mustafa Kemal
_d1881-1938
_xSöylev ve demeçler
600 _aAtatürk, Mustafa Kemal
_d1881-1938
_xSiyasal ve sosyal görüşler
650 _aAtatürk devrimleri
_zTürkiye
651 _aTürkiye
_xSiyaset ve yönetim
942 _2ddc
_cBKS
999 _c9370
_d9370